Oscar-Winning Actors - Sudden Death - Statistics

General Stats
  • This quiz has been taken 3,179 times
  • The average score is 8 of 23
Answers on the Grid
Answers color-coded by a green-red scale on the quiz's grid according to % correct below.
Emma Stone
Harrison Ford
Margot Robbie
Samuel L. Jackson
Jack Nicholson
Edward Fox
Olivia Colman
Robert De Niro
Tom Cruise
Christian Bale
Emma Watson
Will Smith
Sylvester Stallone
Cate Blanchett
Gary Oldman
John Wayne
Steve Buscemi
Jennifer Lawrence
Idris Elba
Sandra Bullock
Helen Mirren
Benedict Cumberbatch
Viola Davis
Richard Burton
George C. Scott
Cillian Murphy
Michael Caine
Steve Carrell
Lupita Nyong'o
Kate Winslet
Peter Sellers
Sidney Poitier
Dustin Hoffman
Tom Hardy
Michelle Yeoh
Noomi Rapace
James McAvoy
Ben Kingsley
Gregory Peck
Alec Baldwin
 
Answer Stats
Answer % Correct
Emma Stone
76%
Jack Nicholson
60%
Robert De Niro
55%
Will Smith
44%
Jennifer Lawrence
43%
Gary Oldman
42%
Cate Blanchett
41%
Olivia Colman
40%
Cillian Murphy
39%
Helen Mirren
36%
Sandra Bullock
36%
Dustin Hoffman
35%
Kate Winslet
35%
Ben Kingsley
34%
Christian Bale
34%
Michelle Yeoh
31%
Lupita Nyong'o
27%
Sidney Poitier
27%
Viola Davis
27%
Michael Caine
24%
John Wayne
23%
Gregory Peck
22%
George C. Scott
18%
No matching quizzes found
Score Distribution
Percent of People with Each Score
Percentile by Number Answered
Your Score History
You have not taken this quiz